[Event "Ceara-ch 2019"]
[Site "Fortaleza"]
[Date "2019.12.01"]
[Round "9.4"]
[White "Lima, Alan Elkinson Lopes "]
[Black "Parente, Renan Braz"]
[Result "0-1"]
[WhiteElo "1928"]
[BlackElo "2219"]
[Annotator "TA"]
[PlyCount "60"]
[EventDate "2019.11.17"]
[EventType "tourn"]
[EventCountry "BRA"]
[SourceTitle "playchess.com"]
[Source "ChessBase"]
[SourceQuality "1"]

{[%evp 9,60,31,27,29,29,-14,-10,-18,-8,-15,31,41,60,38,63,48,54,54,48,19,31,18,75,22,29,-35,61,-8,54,54,56,-57,-53,-45,-7,-20,-18,-22,0,-50,-60,-63,-72,-154,-148,-257,-249,-213,-216,-325,-325,-662,-656]} 1. d4 e6 2. g3 f5 3. Bg2 Nf6 4. Nh3 d5 5. O-O Bd6 6. Bf4 {A81: Dutch Defence: 2 g3} Be7 7. Nd2 h6 8. Be3 $146 {The position is equal.} ({Predecessor:} 8. f3 O-O 9. c3 c5 10. Be3 b6 11. Nf4 Qe8 12. Nd3 Nbd7 13. Kh1 Bb7 {½-½ (53) Djurhuus,R (2495)-Bern,I (2360) Norway 1995}) 8... g5 9. f3 Nbd7 10. Bf2 c5 11. e4 cxd4 12. exf5 e5 13. Re1 O-O 14. c3 dxc3 15. bxc3 Bd6 (15... b5 $11 {remains equal.}) 16. c4 (16. Nc4 $16 Bc7 17. Ne3) 16... Nc5 $11 17. Nb3 (17. g4 $1 $11) 17... Qc7 (17... Nxb3 $1 $15 18. Qxb3 Bxf5) 18. cxd5 (18. Nxc5 $1 $14 Bxc5 19. cxd5) 18... Bxf5 (18... Nxb3 $1 $11 19. Qxb3 Bxf5) 19. Rc1 $14 {[%cal Rf2c5]} b6 20. Qd2 (20. Be3 $14) 20... Nxb3 $1 $15 21. axb3 Qd7 22. g4 (22. Rc6 $5 {[%cal Rh3g5]}) 22... Bg6 23. Bg3 Bc5+ 24. Kh1 (24. Rxc5 {feels hotter.} bxc5 25. Nxg5 hxg5 26. Qxg5 Kh7 27. Bxe5 Rae8 28. Re3) 24... Qxd5 ({Of course not} 24... Nxd5 25. Rxe5 Nf6 26. Qxd7 $14) 25. Qxd5+ Nxd5 26. f4 ({White should try} 26. Rxe5 Rad8 27. Bf2) 26... Nxf4 $17 27. Bxf4 (27. Bxa8 $17 {was necessary.} Rxa8 28. Nf2) 27... exf4 $19 ({Inferior is} 27... gxf4 28. Bxa8 Rxa8 29. Rxe5 $11) 28. Bxa8 Rxa8 29. Ng1 (29. Kg2 $142) 29... Be3 30. Rc4 $2 {[#]} (30. Rxe3 fxe3 31. Kg2) 30... b5 {Accuracy: White = 37%, Black = 46%.} 0-1

[Event "Ceara-ch 2019"]
[Site "Fortaleza"]
[Date "2019.12.01"]
[Round "9.5"]
[White "Silveira, Jose Wanderley Macie"]
[Black "Palacio, Igor Da Paz"]
[Result "0-1"]
[WhiteElo "1762"]
[BlackElo "2160"]
[Annotator "TA"]
[PlyCount "38"]
[EventDate "2019.11.17"]
[EventType "tourn"]
[EventCountry "BRA"]
[SourceTitle "playchess.com"]
[Source "ChessBase"]
[SourceQuality "1"]

{[%evp 9,38,6,50,-25,-20,-18,-27,-48,-44,-36,-44,-151,-156,-150,-145,-157,-150,-261,-258,-289,-53,-69,-36,-43,-9,-271,-265,-564,-511,-552,-508]} 1. e4 d6 2. d4 Nf6 3. Nd2 e5 4. Ne2 (4. c3 Nc6 5. Ngf3 g6 6. dxe5 Nxe5 7. Nxe5 dxe5 8. Bc4 Bg7 9. O-O O-O 10. a4 Ne8 11. Re1 Nd6 12. Bb3 Qe7 13. Nc4 Rd8 14. Nxd6 Rxd6 15. Qc2 b6 16. Be3 Bb7 17. a5 Bf6 18. axb6 axb6 19. Rxa8+ Bxa8 {½-½ (46) Lopez Martinez,J (2584)-Berkes,F (2671) Batumi 2018}) 4... g6 $146 ({Predecessor:} 4... Be7 5. h3 b6 6. g4 Bb7 7. Bg2 Nfd7 8. O-O Bg5 9. f4 exf4 10. Nxf4 O-O 11. Qe2 Nc6 {0-1 (43) Haimi,A (2041)-Suuronen,P (1890) Finland 2011}) 5. g3 Nc6 6. Bg2 {B07: Pirc Defence: Miscellaneous Systems} ({Better is} 6. d5 $14) 6... Nxd4 $11 7. Nxd4 exd4 8. O-O {Black has an edge.} Bg7 9. Nb3 c5 10. e5 (10. c3 $1 $15) 10... dxe5 $17 11. Nxc5 Qc7 12. Nb3 Bf5 13. f4 (13. Bg5 $17) 13... Bxc2 $19 14. Qe2 Bxb3 $2 {[#]} (14... e4 $19 {And now ...Bd3 would win.} 15. Qb5+ Nd7) 15. axb3 $15 Nd7 16. fxe5 Qb6 ({But not} 16... Nxe5 $6 17. Qb5+ Qd7 18. Qxd7+ Kxd7 19. Bxb7 $14) (16... Bxe5 $6 17. Bh6 $14) 17. Rf6 $2 {[%mdl 8192]} (17. e6 $11 {and White stays safe.} d3+ 18. Qf2) 17... d3+ $1 $19 {[%mdl 64] [#] Discovered Attack} ({Not} 17... Bxf6 18. exf6+ Qe6 19. Qxe6+ fxe6 20. Bxb7 $17) ({Stronger than} 17... Qxb3 18. Ra3 $11) 18. Rxb6 $2 (18. Qf2 Bxf6 19. Qxb6 Nxb6 20. exf6) 18... dxe2 19. Be3 Nxb6 {Accuracy: White = 15%, Black = 56%.} 0-1